• AIU
  • Tony Wilmot Memorial Library

The switch-reference phenomena in Hadiyya: a labelled deductive system perspective (Record no. 37458)

MARC details
000 -LEADER
fixed length control field 00540nam a22001571a 4500
020 ## - INTERNATIONAL STANDARD BOOK NUMBER
Terms of availability 0.00
040 ## - CATALOGING SOURCE
Original cataloging agency NEGST Library - Kenya
082 ## - DEWEY DECIMAL CLASSIFICATION NUMBER
Classification number PJ 9023.P47 1993
100 ## - MAIN ENTRY--PERSONAL NAME
Personal name Parrett, Denise L.
245 ## - TITLE STATEMENT
Title The switch-reference phenomena in Hadiyya: a labelled deductive system perspective
Statement of responsibility, etc Denise L. Parrett
Medium [Text]
260 ## - PUBLICATION, DISTRIBUTION, ETC. (IMPRINT)
Place of publication, distribution, etc London
Name of publisher, distributor, etc School of Oriental and African studies
Date of publication, distribution, etc 1993
300 ## - PHYSICAL DESCRIPTION
Extent iii, 40p
600 ## - SUBJECT ADDED ENTRY--PERSONAL NAME
Personal name Hadiyya Language- Grammar
600 ## - SUBJECT ADDED ENTRY--PERSONAL NAME
Personal name Hadiyya (African people)
852 ## - LOCATION/CALL NUMBER
-- 13.95
Holdings
Withdrawn status Lost status Source of classification or shelving scheme Damaged status Not for loan Collection code Home library Current library Shelving location Date acquired Source of acquisition Cost, normal purchase price Total Checkouts Full call number Barcode Date last seen Copy number Price effective from Koha item type
    Library of Congress Classification     General Circulation AIU/NEGST - Tony Wilmot Memorial Library AIU/NEGST - Tony Wilmot Memorial Library General Stacks 01/28/2010 Donation - Dr. Sim 13.95   PJ 9023.P47 1993 R21135K3232 09/26/2019 1 01/28/2010 Books